[Event "Novosibirsk AS-90 Seniors op"]
[Site "Novosibirsk"]
[Date "2010.11.17"]
[Round "5.3"]
[White "Morozov, Vladimir B"]
[Black "Ezhov, Victor"]
[Result "1/2-1/2"]
[WhiteElo "2026"]
[BlackElo "1992"]
[PlyCount "99"]
[EventDate "2010.11.05"]
[EventType "swiss"]
[EventRounds "9"]
[EventCountry "RUS"]
[SourceTitle "EXT 2022"]
[Source "ChessBase"]
[SourceDate "2021.10.06"]
[SourceVersion "1"]
[SourceVersionDate "2021.10.06"]
[SourceQuality "1"]

1. Nf3 Nf6 2. d4 g6 3. Nc3 d5 4. Bg5 Bg7 5. Bxf6 Bxf6 6. e4 dxe4 7. Nxe4 Bg7 8. c3 Nd7 9. Be2 0-0 10. h4 h5 11. Nfg5 Nf6 12. Nxf6+ exf6 13. Nf3 Re8 14. 0-0 Bg4 15. Re1 c6 16. Qd2 Kh7 17. Nh2 Bh6 18. Qc2 Bf5 19. Bd3 Be6 20. Nf1 f5 21. g3 Qc7 22. f4 c5 23. d5 Bxd5 24. Bxf5 Qc6 25. c4 Bf3 26. Bh3 Be4 27. Qh2 Bg7 28. Bg2 Bxb2 29. Rab1 Bd4+ 30. Kh1 b6 31. Rxe4 Rxe4 32. Nd2 f5 33. Nxe4 fxe4 34. Re1 Re8 35. Qh3 Qa4 36. f5 Qb4 37. fxg6+ Kh6 38. Rf1 Bg7 39. Qf5 Qd2 40. Bxe4 Rf8 41. Qg5+ Qxg5 42. hxg5+ Kxg5 43. Rf7 Rxf7 44. gxf7 h4 45. gxh4+ Kxh4 46. Kg2 Kg4 47. Kf2 Kf4 48. Bh7 a6 49. Ke2 b5 50. Bd3 1/2-1/2

[Event "Novosibirsk AS-90 Seniors op"]
[Site "Novosibirsk"]
[Date "2010.11.07"]
[Round "2.3"]
[White "Ezhov, Victor"]
[Black "Mukhamadeev, Razit"]
[Result "1-0"]
[WhiteElo "1992"]
[BlackElo "2078"]
[PlyCount "74"]
[EventDate "2010.11.05"]
[EventType "swiss"]
[EventRounds "9"]
[EventCountry "RUS"]
[SourceTitle "EXT 2022"]
[Source "ChessBase"]
[SourceDate "2021.10.06"]
[SourceVersion "1"]
[SourceVersionDate "2021.10.06"]
[SourceQuality "1"]

1. c4 Nf6 2. Nf3 b6 3. g3 Bb7 4. Nc3 e6 5. Bg2 Be7 6. 0-0 0-0 7. d4 d5 8. cxd5 Nxd5 9. Nxd5 Bxd5 10. Qc2 Nc6 11. e4 Nb4 12. Qe2 Bb7 13. Rd1 Ba6 14. Qd2 c5 15. a3 Nc6 16. d5 exd5 17. exd5 Na5 18. Qe1 Re8 19. Be3 Bf6 20. Rab1 Nc4 21. Bf1 Nxe3 22. fxe3 Bxf1 23. Kxf1 Qd7 24. Rd2 Rad8 25. Rbd1 Qf5 26. Qf2 Re4 27. Ne1 Qe5 28. Ng2 Be7 29. Qe2 h5 30. Kf2 Rd6 31. h4 Rg6 32. Nf4 Rxg3 33. Kxg3 Rxe3+ 34. Kg2 Rxe2+ 35. Nxe2 Bd6 36. Kf3 Qh2 37. Ke3 Qh3+ 1-0

[Event "Novosibirsk Sukharev Memorial Seniors"]
[Site "Novosibirsk"]
[Date "2010.07.26"]
[Round "9"]
[White "Ezhov, Victor"]
[Black "Dubrovin, Yury"]
[Result "0-1"]
[WhiteElo "1990"]
[BlackElo "2067"]
[PlyCount "114"]
[EventDate "2010.07.18"]
[EventType "swiss"]
[EventRounds "9"]
[EventCountry "RUS"]
[SourceTitle "EXT 2011"]
[Source "ChessBase"]
[SourceDate "2010.11.26"]
[SourceVersion "1"]
[SourceVersionDate "2010.11.26"]
[SourceQuality "1"]

1. c4 c6 2. Nf3 d5 3. d4 Nf6 4. g3 Bf5 5. Bg2 e6 6. 0-0 Nbd7 7. Nbd2 Be7 8. h3 h6 9. Re1 0-0 10. b3 a5 11. Bb2 a4 12. Ne5 Bb4 13. a3 Bxd2 14. Qxd2 axb3 15. c5 Bc2 16. Nd3 Re8 17. Nb4 Bg6 18. Qc3 e5 19. dxe5 Nxe5 20. Qxb3 Ne4 21. Nd3 Nc4 22. Bd4 Qe7 23. Qb4 Ra7 24. Nb2 Na5 25. Kh2 Qc7 26. Na4 h5 27. Nc3 h4 28. Nxe4 Bxe4 29. Qc3 hxg3+ 30. fxg3 f6 31. Ra2 Nc4 32. Bxe4 Rxe4 33. Bf2 Ra8 34. Qf3 Rae8 35. Kg2 d4 36. Rd1 Re3 37. Bxe3 Nxe3+ 38. Kh2 Nxd1 39. Rd2 Nc3 40. Rxd4 Rxe2+ 41. Kg1 Qe7 42. Rd3 Nd5 43. Qg4 Re1+ 44. Kf2 Qe6 45. Qh5 Re3 46. Rd2 Qe5 47. Qg4 Re1 48. Qf3 Qe4 49. Qb3 Qh1 50. g4 Qg1+ 51. Kf3 Qe3+ 52. Qxe3 Rxe3+ 53. Kg2 Rxa3 54. Rb2 Rc3 55. Rxb7 Rxc5 56. h4 g5 57. hxg5 fxg5 0-1

[Event "Novosibirsk Sukharev Memorial Seniors"]
[Site "Novosibirsk"]
[Date "2010.07.25"]
[Round "8"]
[White "Chernoev, Yakov"]
[Black "Ezhov, Victor"]
[Result "0-1"]
[WhiteElo "1892"]
[BlackElo "1990"]
[PlyCount "30"]
[EventDate "2010.07.18"]
[EventType "swiss"]
[EventRounds "9"]
[EventCountry "RUS"]
[SourceTitle "EXT 2011"]
[Source "ChessBase"]
[SourceDate "2010.11.26"]
[SourceVersion "1"]
[SourceVersionDate "2010.11.26"]
[SourceQuality "1"]

1. e4 d5 2. e5 c5 3. Nf3 Nc6 4. b3 Bg4 5. Be2 e6 6. Bb2 Nge7 7. d4 Bxf3 8. gxf3 cxd4 9. Bxd4 Ng6 10. Bb5 Qa5+ 11. Nc3 Bb4 12. Bxc6+ bxc6 13. Kd2 c5 14. a3 cxd4 15. Kc1 Bxc3 0-1

[Event "Novosibirsk Sukharev Memorial Seniors"]
[Site "Novosibirsk"]
[Date "2010.07.23"]
[Round "6"]
[White "Ezhov, Victor"]
[Black "Klynin, Vladimir"]
[Result "0-1"]
[WhiteElo "1990"]
[BlackElo "1987"]
[PlyCount "98"]
[EventDate "2010.07.18"]
[EventType "swiss"]
[EventRounds "9"]
[EventCountry "RUS"]
[SourceTitle "EXT 2011"]
[Source "ChessBase"]
[SourceDate "2010.11.26"]
[SourceVersion "1"]
[SourceVersionDate "2010.11.26"]
[SourceQuality "1"]

1. c4 e6 2. Nf3 Nf6 3. g3 d5 4. d4 dxc4 5. Qa4+ Bd7 6. Qxc4 Bc6 7. Bg2 Nbd7 8. Nc3 Nb6 9. Qd3 Nbd5 10. Nxd5 Bxd5 11. 0-0 Be7 12. Bf4 0-0 13. Rac1 c6 14. a3 Be4 15. Qb3 Qb6 16. Qxb6 axb6 17. Rfd1 Nd5 18. Bd2 Ra4 19. e3 b5 20. Ne1 Bxg2 21. Kxg2 b4 22. axb4 Bxb4 23. Nd3 Be7 24. Nc5 Bxc5 25. Rxc5 Rfa8 26. Rdc1 Kf8 27. Kf3 Ke7 28. R5c4 Ra2 29. R1c2 Kd7 30. e4 Nf6 31. g4 R8a4 32. Rxa4 Rxa4 33. Be3 Ne8 34. Rd2 Nd6 35. d5 cxd5 36. exd5 e5 37. Rc2 Rc4 38. Rc3 Rb4 39. Rc2 Nc4 40. Bc5 Rb3+ 41. Rc3 Nd2+ 42. Ke3 Rxb2 43. Bf8 Nb1 44. Rc1 Rb3+ 45. Ke4 f6 46. d6 Nd2+ 47. Kd5 Rd3+ 48. Kc5 Nb3+ 49. Kc4 Nxc1 0-1

[Event "Novosibirsk Sukharev Memorial Seniors"]
[Site "Novosibirsk"]
[Date "2010.07.19"]
[Round "2"]
[White "Nebylitsin, Nikolai"]
[Black "Ezhov, Victor"]
[Result "1-0"]
[WhiteElo "2182"]
[BlackElo "1990"]
[PlyCount "135"]
[EventDate "2010.07.18"]
[EventType "swiss"]
[EventRounds "9"]
[EventCountry "RUS"]
[SourceTitle "EXT 2011"]
[Source "ChessBase"]
[SourceDate "2010.11.26"]
[SourceVersion "1"]
[SourceVersionDate "2010.11.26"]
[SourceQuality "1"]

1. e4 d5 2. exd5 Qxd5 3. Nc3 Qa5 4. Nf3 Nf6 5. h3 h6 6. Bc4 Bf5 7. d3 c6 8. Bd2 Qc7 9. Qe2 e6 10. Nd4 Be7 11. Nxf5 exf5 12. Qf3 Qd7 13. Ne2 b5 14. Bxb5 0-0 15. Bc4 Kh7 16. Be3 a5 17. a3 Na6 18. Nd4 f4 19. Qxf4 Nd5 20. Qf5+ Qxf5 21. Nxf5 Nxe3 22. Nxe3 Nc7 23. 0-0 Bf6 24. c3 Rab8 25. Rab1 a4 26. d4 Nb5 27. Bxb5 Rxb5 28. Nc2 Be7 29. Rfe1 Bd6 30. Nb4 c5 31. dxc5 Bxc5 32. Rbd1 Rb7 33. Rd5 Rc8 34. Red1 Rb6 35. Rf5 f6 36. Rd7 Bxb4 37. axb4 a3 38. bxa3 Rxc3 39. Rf3 Rc1+ 40. Kh2 Ra1 41. Rg3 Rb8 42. Rdxg7+ Kh8 43. R7g6 Kh7 44. Rxf6 Ra8 45. Rf7+ Kh8 46. Rff3 Kh7 47. b5 Ra7 48. b6 Rb7 49. Rb3 h5 50. Rb4 Ra2 51. Rf3 Kg6 52. a4 Kg5 53. h4+ Kg6 54. Rff4 Ra3 55. Rb5 Kh6 56. a5 Ra2 57. g3 Kg6 58. Kg2 Ra3 59. Rg5+ Kh6 60. Rf8 Kh7 61. Rxh5+ Kg7 62. Rhf5 Rxa5 63. R8f7+ Rxf7 64. Rxa5 Kf6 65. Rb5 Rb7 66. g4 Kg6 67. f4 Kh6 68. g5+ 1-0

[Event "Novosibirsk Sukharev Memorial Seniors"]
[Site "Novosibirsk"]
[Date "2009.07.23"]
[Round "6"]
[White "Ezhov, Victor"]
[Black "Popova, Adelanda"]
[Result "1-0"]
[WhiteElo "2001"]
[BlackElo "1636"]
[PlyCount "42"]
[EventDate "2009.07.18"]
[EventType "swiss"]
[EventRounds "9"]
[EventCountry "RUS"]
[SourceTitle "EXT 2021"]
[Source "ChessBase"]
[SourceDate "2020.10.23"]
[SourceVersion "1"]
[SourceVersionDate "2020.10.23"]
[SourceQuality "1"]

1. Nf3 d6 2. d4 g6 3. h3 Bg7 4. Bf4 Nd7 5. c3 Ngf6 6. e3 b6 7. Be2 Bb7 8. Nbd2 0-0 9. 0-0 Rc8 10. Qa4 a5 11. Rad1 c6 12. e4 c5 13. e5 Bc6 14. Bb5 Bxb5 15. Qxb5 Ne8 16. Bg3 Nc7 17. Qd3 d5 18. Qe2 Ne6 19. dxc5 Ndxc5 20. Nd4 Nc7 21. N2b3 e6 1-0

[Event "Novosibirsk Sukharev Memorial Seniors"]
[Site "Novosibirsk"]
[Date "2009.07.18"]
[Round "1"]
[White "Chaschin, Nikolay"]
[Black "Ezhov, Victor"]
[Result "0-1"]
[WhiteElo "1804"]
[BlackElo "2001"]
[PlyCount "88"]
[EventDate "2009.07.18"]
[EventType "swiss"]
[EventRounds "9"]
[EventCountry "RUS"]
[SourceTitle "EXT 2021"]
[Source "ChessBase"]
[SourceDate "2020.10.23"]
[SourceVersion "1"]
[SourceVersionDate "2020.10.23"]
[SourceQuality "1"]

1. d4 Nf6 2. c4 c5 3. d5 b5 4. b3 bxc4 5. bxc4 g6 6. Nc3 Bg7 7. Bd2 d6 8. e4 Nbd7 9. Rb1 0-0 10. f4 e6 11. Nf3 exd5 12. exd5 Re8+ 13. Be2 Ne4 14. Nxe4 Rxe4 15. 0-0 Nf6 16. Bd3 Re8 17. Re1 Ba6 18. Bc3 Rxe1+ 19. Nxe1 Qe8 20. Qe2 Qd7 21. Qf3 Nh5 22. Bxg7 Nxg7 23. g4 f5 24. g5 Qa4 25. Qe2 Re8 26. Qc2 Qxc2 27. Nxc2 Nh5 28. Rf1 Rb8 29. Na3 Rb4 30. Rf2 Ra4 31. Nb5 Bxb5 32. cxb5 Nxf4 33. Bf1 Rd4 34. Rb2 Nxd5 35. Bg2 Nb6 36. Bc6 Nc4 37. Re2 Ne5 38. h3 Kf8 39. Kf2 Ke7 40. Bb7 Kd8 41. Ke3 Kc7 42. Ba6 Rh4 43. Rg2 Rxh3+ 44. Kd2 Ng4 0-1

[Event "Novosibirsk Region-ch Seniors"]
[Site "Novosibirsk"]
[Date "2009.02.??"]
[Round "9"]
[White "Ezhov, Victor"]
[Black "Chesnokov, Gennady"]
[Result "1-0"]
[WhiteElo "2001"]
[BlackElo "2019"]
[PlyCount "95"]
[EventDate "2009.02.??"]
[EventType "swiss"]
[EventRounds "9"]
[EventCountry "RUS"]
[SourceTitle "EXT 2012"]
[Source "ChessBase"]
[SourceDate "2011.11.24"]
[SourceVersion "1"]
[SourceVersionDate "2011.11.24"]
[SourceQuality "1"]

1. d4 Nf6 2. Nf3 b6 3. g3 Bb7 4. Bg2 e6 5. c4 Bb4+ 6. Nbd2 0-0 7. 0-0 Bxd2 8. Bxd2 h6 9. Bb4 d6 10. Re1 Nbd7 11. b3 Be4 12. Rc1 c5 13. Bc3 Rc8 14. Bh3 Qe7 15. Nd2 Bb7 16. e4 Rcd8 17. Bg2 e5 18. d5 Bc8 19. f4 a6 20. Nf3 b5 21. fxe5 Nxe5 22. Nxe5 dxe5 23. h3 b4 24. Bd2 Rd6 25. Be3 Nd7 26. Qf3 Rf6 27. Qe2 Rg6 28. Kh2 Bb7 29. Rf1 a5 30. Rf5 a4 31. Rcf1 axb3 32. axb3 Nf6 33. Rxf6 gxf6 34. Qf2 Rc8 35. Bf3 Rc7 36. Bh5 Rg5 37. g4 Kg7 38. Qd2 Qd6 39. h4 Rg6 40. Bxg6 fxg6 41. Bxh6+ Kh7 42. Be3 Bc8 43. Qe2 Kg7 44. Ra1 Qd7 45. Rg1 Qe7 46. Qf2 Qd6 47. Bd2 Ra7 48. Bxb4 1-0

[Event "Novosibirsk-ch Seniors op"]
[Site "Novosibirsk"]
[Date "2007.09.26"]
[Round "3"]
[White "Okladnikov, Gennady"]
[Black "Ezhov, Victor"]
[Result "1-0"]
[WhiteElo "2176"]
[BlackElo "1976"]
[PlyCount "71"]
[EventDate "2007.09.24"]
[EventType "swiss"]
[EventRounds "9"]
[EventCountry "RUS"]
[SourceTitle "EXT 2022"]
[Source "ChessBase"]
[SourceDate "2021.10.06"]
[SourceVersion "1"]
[SourceVersionDate "2021.10.06"]
[SourceQuality "1"]

1. e4 c5 2. Nf3 d6 3. d4 cxd4 4. Qxd4 Bd7 5. c4 Nf6 6. Nc3 g6 7. Bg5 Bg7 8. Qd2 Qa5 9. Bd3 h6 10. Bf4 Nc6 11. 0-0 Rc8 12. Rfe1 Nh5 13. Be3 Bg4 14. Rac1 Bxf3 15. gxf3 Nd4 16. Kg2 g5 17. Nd5 Qd8 18. Be2 Nc6 19. f4 Nxf4+ 20. Nxf4 gxf4 21. Bxf4 Ne5 22. Bg3 0-0 23. f4 Nd7 24. Bf3 Nc5 25. b3 b6 26. Rcd1 Qc7 27. Qd5 Rcd8 28. Kh1 Ne6 29. Bg4 Nc5 30. Bh3 Nd7 31. Bh4 Nf6 32. Bxf6 Bxf6 33. Qh5 Bg7 34. Rg1 Qc5 35. Rxg7+ Kxg7 36. Rg1+ 1-0

[Event "Novosibirsk-ch Seniors op"]
[Site "Novosibirsk"]
[Date "2007.09.24"]
[Round "1"]
[White "Shilenko, Vladimir"]
[Black "Ezhov, Victor"]
[Result "1-0"]
[WhiteElo "2121"]
[BlackElo "1976"]
[PlyCount "123"]
[EventDate "2007.09.24"]
[EventType "swiss"]
[EventRounds "9"]
[EventCountry "RUS"]
[SourceTitle "EXT 2022"]
[Source "ChessBase"]
[SourceDate "2021.10.06"]
[SourceVersion "1"]
[SourceVersionDate "2021.10.06"]
[SourceQuality "1"]

1. f4 d5 2. Nf3 Nf6 3. c3 c5 4. d3 Nc6 5. Qc2 d4 6. e4 dxe3 7. Bxe3 e6 8. Nbd2 Nd5 9. Kf2 Bd6 10. g3 Bd7 11. Ne4 Qe7 12. Nxd6+ Qxd6 13. Bd2 Rc8 14. Re1 0-0 15. Bg2 Nf6 16. h3 Rfd8 17. Ne5 b5 18. Re2 a5 19. Rhe1 Ne7 20. c4 b4 21. g4 Nc6 22. Nxd7 Rxd7 23. Qa4 Nd4 24. Re5 Qc7 25. g5 Nh5 26. Be3 Rcd8 27. Be4 g6 28. Qd1 Rf8 29. Qa4 f6 30. Rxc5 Qd6 31. Rxa5 fxg5 32. c5 Qc7 33. Ra8 Nxf4 34. Rxf8+ Kxf8 35. Rf1 Kg7 36. Qxb4 Nf5 37. Qc3+ Kh6 38. Bxf5 exf5 39. Bxf4 Qxf4+ 40. Kg2 Qa4 41. c6 Rc7 42. Qc4 Qa8 43. Rc1 Qe8 44. Rc2 Qe3 45. Qd5 g4 46. hxg4 fxg4 47. Qe4 Qh3+ 48. Kg1 Rf7 49. Rg2 g5 50. Qe6+ Kg7 51. c7 Qxd3 52. Qxf7+ Kxf7 53. Rf2+ Kg7 54. c8Q Qd1+ 55. Kg2 Qd5+ 56. Kg3 Qd3+ 57. Kxg4 h5+ 58. Kxh5 Qg6+ 59. Kg4 Qe4+ 60. Kxg5 Qe3+ 61. Rf4 Qe5+ 62. Qf5 1-0

[Event "Novosibirsk Sibiria op-D"]
[Site "Novosibirsk"]
[Date "2007.07.27"]
[Round "8"]
[White "Ezhov, Victor"]
[Black "Stepanenko, Leonid"]
[Result "1-0"]
[WhiteElo "1976"]
[BlackElo "2007"]
[PlyCount "65"]
[EventDate "2007.07.20"]
[EventType "swiss"]
[EventRounds "9"]
[EventCountry "RUS"]
[SourceTitle "EXT 2008"]
[Source "ChessBase"]
[SourceDate "2007.11.25"]
[SourceVersion "1"]
[SourceVersionDate "2007.11.25"]
[SourceQuality "1"]

1. Nf3 d5 2. g3 c5 3. c4 d4 4. b4 b6 5. Bg2 Bb7 6. bxc5 bxc5 7. d3 Nd7 8. Qa4 Ngf6 9. Nbd2 Qc7 10. Rb1 Bc6 11. Qa3 e5 12. 0-0 Bd6 13. Qa6 0-0 14. Ng5 Bxg2 15. Kxg2 Rab8 16. Ba3 Rb6 17. Qa4 Rfb8 18. f3 Rxb1 19. Rxb1 Rxb1 20. Nxb1 h6 21. Ne4 Nxe4 22. fxe4 g6 23. Nd2 f5 24. Qa6 Nf6 25. exf5 gxf5 26. Nf3 Kf7 27. h3 e4 28. Nxd4 exd3 29. exd3 Bxg3 30. Qe6+ Kg7 31. Nxf5+ Kg6 32. Nxg3 Qf4 33. Ne4 1-0

[Event "Novosibirsk Sibiria op-D"]
[Site "Novosibirsk"]
[Date "2007.07.25"]
[Round "6"]
[White "Ezhov, Victor"]
[Black "Chesnokov, Gennady"]
[Result "1-0"]
[WhiteElo "1976"]
[BlackElo "2018"]
[PlyCount "105"]
[EventDate "2007.07.20"]
[EventType "swiss"]
[EventRounds "9"]
[EventCountry "RUS"]
[SourceTitle "EXT 2008"]
[Source "ChessBase"]
[SourceDate "2007.11.25"]
[SourceVersion "1"]
[SourceVersionDate "2007.11.25"]
[SourceQuality "1"]

1. Nf3 d5 2. g3 g6 3. Bg2 Bg7 4. d4 Nf6 5. c4 c6 6. Nbd2 Nbd7 7. b3 0-0 8. Bb2 Nh5 9. 0-0 b6 10. e4 dxe4 11. Nxe4 c5 12. Nc3 Rb8 13. Re1 Bb7 14. d5 a6 15. Qc2 Nhf6 16. Ng5 h6 17. Nge4 Nxe4 18. Nxe4 Nf6 19. Rad1 Nxe4 20. Bxe4 Qd6 21. Bxg7 Kxg7 22. h4 h5 23. Qe2 Rbd8 24. Bg2 Rfe8 25. Rd3 Rd7 26. Re3 Rc7 27. Bh3 b5 28. f4 bxc4 29. bxc4 Qf6 30. Re5 Kf8 31. f5 Bc8 32. Kh2 Kg7 33. Rf1 g5 34. hxg5 Qd6 35. f6+ Kg8 36. Bxc8 Rexc8 37. fxe7 Re8 38. Re1 h4 39. Kg2 hxg3 40. Qe4 Rb7 41. Re2 Kg7 42. Qf4 Rexe7 43. Qf6+ Qxf6 44. gxf6+ Kxf6 45. Rxe7 Rxe7 46. Rxe7 Kxe7 47. Kxg3 f5 48. Kf4 Kf6 49. a3 a5 50. a4 Kg6 51. Ke5 Kg5 52. d6 f4 53. d7 1-0

[Event "Novosibirsk Sibiria op-D"]
[Site "Novosibirsk"]
[Date "2007.07.20"]
[Round "1"]
[White "Ezhov, Victor"]
[Black "Litvinov, Yuriy"]
[Result "1-0"]
[WhiteElo "1976"]
[BlackElo "2307"]
[PlyCount "49"]
[EventDate "2007.07.20"]
[EventType "swiss"]
[EventRounds "9"]
[EventCountry "RUS"]
[SourceTitle "EXT 2008"]
[Source "ChessBase"]
[SourceDate "2007.11.25"]
[SourceVersion "1"]
[SourceVersionDate "2007.11.25"]
[SourceQuality "1"]

1. Nf3 g6 2. g3 Bg7 3. Bg2 d5 4. 0-0 c6 5. d4 Nf6 6. Nbd2 Na6 7. c4 Nc7 8. b3 a5 9. Bb2 Be6 10. h3 h6 11. Re1 g5 12. Ne5 Nd7 13. cxd5 cxd5 14. Nd3 Nb5 15. e3 b6 16. e4 Nxd4 17. exd5 Bf5 18. Nf3 Nxf3+ 19. Qxf3 Bxb2 20. Nxb2 Bg6 21. d6 Ra7 22. Rxe7+ Kf8 23. Rae1 f6 24. R7e6 Rh7 25. Rxf6+ 1-0

[Event "Capital of Sibiria op"]
[Site "Novosibirsk"]
[Date "2002.07.27"]
[Round "9"]
[White "Akishev, Alexander"]
[Black "Ezhov, Victor"]
[Result "1-0"]
[WhiteElo "2253"]
[BlackElo "2077"]
[PlyCount "121"]
[EventDate "2002.07.19"]
[EventType "swiss"]
[EventRounds "9"]
[EventCountry "RUS"]
[SourceTitle "CBM 089 Extra"]
[Source "ChessBase"]
[SourceDate "2002.09.10"]
[SourceVersion "2"]
[SourceVersionDate "2002.09.10"]
[SourceQuality "1"]

1. e4 d5 2. exd5 Qxd5 3. Nc3 Qa5 4. d4 c6 5. Nf3 Bg4 6. h3 Bh5 7. g4 Bg6 8. Ne5 e6 9. h4 Be4 10. f3 Bd5 11. Bd2 Bb4 12. a3 Bxc3 13. Bxc3 Qc7 14. Rh3 Nd7 15. Nd3 0-0-0 16. Qe2 c5 17. dxc5 e5 18. b4 Ngf6 19. 0-0-0 e4 20. Nf4 Ne5 21. Qe3 Be6 22. Nxe6 Rxd1+ 23. Kxd1 fxe6 24. fxe4 Rd8+ 25. Kc1 Nfxg4 26. Qg3 g6 27. Be2 h5 28. Kb1 a5 29. Bxe5 Nxe5 30. Qc3 axb4 31. axb4 Rf8 32. Rg3 Rf2 33. Bb5 Qd8 34. Ba4 Qd1+ 35. Ka2 Nc6 36. b5 Qd4 37. Qxd4 Nxd4 38. Kb2 Rh2 39. Rxg6 Rxh4 40. Rg8+ Kd7 41. b6+ Nc6 42. Rg7+ Kc8 43. Rg8+ Nd8 44. Rg7 Nc6 45. Rc7+ Kb8 46. Rf7 Kc8 47. Bxc6 bxc6 48. Rc7+ Kb8 49. Rxc6 Rxe4 50. Rc7 h4 51. Kb3 Re5 52. Kb4 Rh5 53. c6 h3 54. Rg7 Rh8 55. Ra7 Rh4+ 56. Kb3 h2 57. c7+ Kc8 58. Ra8+ Kd7 59. c8Q+ Kd6 60. Qd8+ Ke5 61. Qxh4 1-0

[Event "Capital of Sibiria op"]
[Site "Novosibirsk"]
[Date "2002.07.26"]
[Round "8"]
[White "Ezhov, Victor"]
[Black "Emelyanov, Yury Nikolaevich"]
[Result "1/2-1/2"]
[WhiteElo "2077"]
[BlackElo "2173"]
[PlyCount "118"]
[EventDate "2002.07.19"]
[EventType "swiss"]
[EventRounds "9"]
[EventCountry "RUS"]
[SourceTitle "CBM 089 Extra"]
[Source "ChessBase"]
[SourceDate "2002.09.10"]
[SourceVersion "2"]
[SourceVersionDate "2002.09.10"]
[SourceQuality "1"]

1. c4 d6 2. d4 f5 3. g3 Nf6 4. Bg2 g6 5. b3 Bg7 6. Bb2 0-0 7. Nf3 Ne4 8. e3 Nd7 9. Nbd2 Ndf6 10. d5 Nxf2 11. Kxf2 Ng4+ 12. Ke2 Bxb2 13. Rb1 Bg7 14. h3 Nf6 15. Nd4 Nh5 16. Nf1 Be5 17. Qe1 Bd7 18. Bf3 Ng7 19. Qb4 Rb8 20. c5 dxc5 21. Qxc5 Bd6 22. Qc4 Qe8 23. Rd1 Kh8 24. Kf2 Qf7 25. Qd3 Qf6 26. Ne2 g5 27. Bg2 c6 28. h4 cxd5 29. hxg5 Qxg5 30. Bxd5 Rbd8 31. Qc2 Rc8 32. Qb1 Bc6 33. Bxc6 Rxc6 34. Rd4 e5 35. Rdh4 h5 36. Qd1 Kg8 37. Qd5+ Rf7 38. Nd2 Bc5 39. Nc4 Rc8 40. b4 Bb6 41. Nxb6 axb6 42. Qxe5 Rc2 43. Qd5 Kf8 44. Rc4 Rxc4 45. Qxc4 Rd7 46. Nd4 Qg4 47. Qc8+ Ke7 48. Rh4 Qd1 49. Qc3 Kf7 50. Nf3 Kg8 51. Nd4 Kf7 52. Rf4 Qh1 53. Qb3+ Kf6 54. Rh4 Qc1 55. Qd3 Qb2+ 56. Qe2 Qxb4 57. Nxf5 Qa5 58. Nd4 Rf7 59. Kg1 Ke7 1/2-1/2

[Event "Capital of Sibiria op"]
[Site "Novosibirsk"]
[Date "2002.07.25"]
[Round "7"]
[White "Ezhov, Victor"]
[Black "Frolova, Tatiana"]
[Result "1-0"]
[WhiteElo "2077"]
[BlackElo "2158"]
[PlyCount "87"]
[EventDate "2002.07.19"]
[EventType "swiss"]
[EventRounds "9"]
[EventCountry "RUS"]
[SourceTitle "CBM 089 Extra"]
[Source "ChessBase"]
[SourceDate "2002.09.10"]
[SourceVersion "2"]
[SourceVersionDate "2002.09.10"]
[SourceQuality "1"]

1. c4 c5 2. Nf3 Nf6 3. g3 g6 4. Bg2 Bg7 5. Nc3 0-0 6. b3 d5 7. cxd5 Nxd5 8. Bb2 Nf6 9. Na4 Na6 10. Rc1 Bf5 11. Nxc5 Nxc5 12. Rxc5 Qb6 13. Rc1 Ne4 14. d4 Qa5+ 15. Nd2 Qxa2 16. Nc4 Qa6 17. g4 Nxf2 18. Kxf2 Bxg4 19. Re1 Rfd8 20. Kg1 Bh6 21. Ra1 Qf6 22. Bxb7 Qg5 23. Bc1 Qh4 24. Bxh6 Qxh6 25. Bxa8 Rxa8 26. Qd2 Qh5 27. Ne5 Bh3 28. Qf4 f6 29. Nf3 g5 30. Qg3 g4 31. Nd2 Qd5 32. e3 e5 33. Ra4 Rc8 34. Rc4 Rf8 35. e4 Qa5 36. Qe3 exd4 37. Rxd4 Kh8 38. Rd7 Qh5 39. Nf1 Qg6 40. Ng3 h5 41. Ra1 Rf7 42. Rd8+ Kh7 43. Rxa7 h4 44. Nf5 1-0